000 00459nam a2200193Ia 4500
005 20250423100348.0
008 250422s9999 xx 000 0 und d
020 _a9780781732628
050 _aRG 101 .B47/
100 _aBerek, Jonathan S.
245 0 _aNovak’s gynecology
250 _a13th ed.
260 _aCalifornia
260 _b Lippincott Williams & Wilkins
260 _c2002
300 _a1432 p
650 _aGynecology.
942 _cBK
999 _c33080
_d33080